<?xml version="1.0" encoding="UTF-8"?>
<record
    xmlns:xsi="http://www.w3.org/2001/XMLSchema-instance"
    xsi:schemaLocation="http://www.loc.gov/MARC21/slim http://www.loc.gov/standards/marcxml/schema/MARC21slim.xsd"
    xmlns="http://www.loc.gov/MARC21/slim">

  <leader>00899nam a22002417a 4500</leader>
  <datafield tag="999" ind1=" " ind2=" ">
    <subfield code="c">20694</subfield>
    <subfield code="d">20694</subfield>
  </datafield>
  <controlfield tag="005">20200121063839.0</controlfield>
  <controlfield tag="008">200121b        xxu||||| |||| 00| 0 spa d</controlfield>
  <datafield tag="040" ind1=" " ind2=" ">
    <subfield code="a">CO-BoIAVH </subfield>
    <subfield code="c">CO-BoIAVH </subfield>
  </datafield>
  <datafield tag="041" ind1=" " ind2=" ">
    <subfield code="a">spa</subfield>
  </datafield>
  <datafield tag="044" ind1=" " ind2=" ">
    <subfield code="a">ck</subfield>
  </datafield>
  <datafield tag="082" ind1=" " ind2=" ">
    <subfield code="a">318.61</subfield>
    <subfield code="b">M66a1998</subfield>
  </datafield>
  <datafield tag="110" ind1=" " ind2=" ">
    <subfield code="a">Ministerio de Agricultura</subfield>
  </datafield>
  <datafield tag="245" ind1=" " ind2=" ">
    <subfield code="a">Anuario estad&#xED;stico 1998</subfield>
    <subfield code="c">Ministerio de agricultura y desarrollo rural</subfield>
  </datafield>
  <datafield tag="246" ind1=" " ind2=" ">
    <subfield code="a">Anuario estad&#xED;stico del sector agropecuario y pesquero 1998</subfield>
  </datafield>
  <datafield tag="260" ind1=" " ind2=" ">
    <subfield code="a">Santaf&#xE9; de Bogot&#xE1;, </subfield>
    <subfield code="b">Ministerio de agricultura,</subfield>
    <subfield code="c">1999</subfield>
  </datafield>
  <datafield tag="300" ind1=" " ind2=" ">
    <subfield code="a">213 p&#xE1;ginas</subfield>
    <subfield code="b">Contiene tablas, gr&#xE1;ficas y mapas</subfield>
    <subfield code="c">27.3 x 20.8 cm</subfield>
  </datafield>
  <datafield tag="650" ind1=" " ind2="0">
    <subfield code="a">Sector agropecuario</subfield>
  </datafield>
  <datafield tag="650" ind1=" " ind2="0">
    <subfield code="a">Anuario</subfield>
    <subfield code="x">Estad&#xED;stico</subfield>
  </datafield>
  <datafield tag="650" ind1=" " ind2="0">
    <subfield code="a">Estad&#xED;sticas agr&#xED;colas</subfield>
    <subfield code="x">agr&#xED;colas</subfield>
  </datafield>
  <datafield tag="650" ind1=" " ind2="0">
    <subfield code="a">Agricultura</subfield>
    <subfield code="x">colombia</subfield>
    <subfield code="z"> Colombia.</subfield>
  </datafield>
  <datafield tag="650" ind1=" " ind2="0">
    <subfield code="a">Acuicultura</subfield>
    <subfield code="x">colombia</subfield>
    <subfield code="z">Colombia</subfield>
  </datafield>
  <datafield tag="942" ind1=" " ind2=" ">
    <subfield code="2">ddc</subfield>
    <subfield code="c">LIBRO</subfield>
  </datafield>
  <datafield tag="952" ind1=" " ind2=" ">
    <subfield code="0">0</subfield>
    <subfield code="1">0</subfield>
    <subfield code="2">ddc</subfield>
    <subfield code="4">0</subfield>
    <subfield code="7">0</subfield>
    <subfield code="8">GENERAL</subfield>
    <subfield code="a">Bogota</subfield>
    <subfield code="b">Bogota</subfield>
    <subfield code="d">2020-01-21</subfield>
    <subfield code="l">0</subfield>
    <subfield code="o">LB-318.61 M66a1998</subfield>
    <subfield code="p">043928</subfield>
    <subfield code="r">2020-01-21 00:00:00</subfield>
    <subfield code="t">Ej. 1</subfield>
    <subfield code="w">2020-01-21</subfield>
    <subfield code="x">Donacion</subfield>
    <subfield code="y">LIBRO</subfield>
  </datafield>
</record>
